| 000 | 00906cam a22002537a 4500 | ||
|---|---|---|---|
| 001 | 16100998 | ||
| 003 | ARRUPE | ||
| 005 | 20131203173255.0 | ||
| 008 | 100223s2009 rh b 000 0 eng | ||
| 010 | _a 2010307009 | ||
| 040 |
_aDLC _cDLC |
||
| 042 | _alcode | ||
| 050 | 0 | 0 |
_aBX904. _bA257 |
| 100 |
_aAfrican Forum for Catholic Social Teachings. _94890 |
||
| 245 | 0 | 0 |
_aCatholic social teaching : _bintegral to African religious formation. |
| 260 |
_aMount Pleasant, Harare, Zimbabwe : _bAfrican Forum for Catholic Social Teaching, _c2009. |
||
| 300 |
_a16 p. ; _c21 cm. |
||
| 504 | _aIncludes bibliographical references. | ||
| 650 | 0 |
_aChurch and social problems _xCatholic Church. _94891 |
|
| 710 | 2 |
_aAfrican Forum for Catholic Social Teachings. _94892 |
|
| 906 |
_a7 _bcbc _corigode _d4 _encip _f20 _gy-gencatlg |
||
| 942 |
_2lcc _cMONOGRAPH |
||
| 999 |
_c119007 _d119007 |
||